Kesäolympialaisten järjestäjäkaupungit - Statistics

Yleistilastot
  • Tätä visaa on pelattu 1 027 kertaa
    867 viimeisimmän päivityksen jälkeen
  • Keskiarvotulos 17 / 24
Vastaustilastot
Vuodet Vastaus % Oikein
1952 Helsinki
96%
1900, 1924, 2024 Pariisi
95%
1908, 2012 Lontoo
91%
1964, 2020 Tokio
91%
1912 Tukholma
91%
1896, 2004 Ateena
87%
1936 Berliini
87%
2008 Peking
87%
1980 Moskova
86%
1932, 1984, 2028 Los Angeles
83%
2016 Rio de Janeiro
82%
1960 Rooma
81%
1992 Barcelona
79%
2000 Sydney
77%
1988 Soul
65%
1972 München
64%
1968 México
60%
1928 Amsterdam
57%
1996 Atlanta
51%
1976 Montreal
48%
1956 Melbourne
45%
1920 Antwerpen
35%
1904 St. Louis
25%
2032 Brisbane
24%
Ehtoja vastaavia visoja ei löytynyt
Tulosjakauma
Jokaisen tuloksen saaneiden osuus
Persentiili vastausten määrän mukaan
Tuloshistoriasi
Et ole pelannut tätä visaa sen viimeisimmän päivityksen jälkeen